| 000 | 01315nam a22003497a 4500 | ||
|---|---|---|---|
| 001 | 00004514 | ||
| 003 | DO-SdBPM | ||
| 005 | 20250626093744.0 | ||
| 007 | 00004514 | ||
| 008 | 160610b2011 sp 00| 0 spa d | ||
| 020 | _a9788466324847 | ||
| 040 |
_aDO-SdBPM _bspa _cBPMSU |
||
| 082 | 4 |
_a843.91 _bR822ll 2011 _222 |
|
| 100 | 1 |
_aRosnay, Tatiana de, _d1961- |
|
| 245 | 1 | 3 |
_aLa llave de Sarah : _bla novela en la película protagonizada por Kristin Scott Thomas / _cTatiana de Rosnay ; traducción de José Miguel Pallarés. |
| 250 | _a3a ed. | ||
| 260 |
_aMadrid : _bPunto de Lectura, _c2011. |
||
| 300 |
_a393 p. _c19 cm. |
||
| 500 | _aLa novela en la que se basa la película protagonizada por Kristin Scott Thomas. | ||
| 504 | _aBibliografía : p. 397-398 | ||
| 534 |
_pTítulo original : _tElle s'appelait Sarah. |
||
| 585 | _aNewbery Honor Book, 1968. | ||
| 590 | _aInventariado, 2024/VM | ||
| 650 | 4 | _aNovela francesa. | |
| 650 | 4 |
_aGuerra Mundial II, 1939-1945 _xAniversarios, etc. _vNovela. _zFrancia |
|
| 650 | 4 |
_aSecretos de familia _vNovela. |
|
| 650 | 4 |
_aJudíos _xHistoria _vNovela _zFrancia |
|
| 651 | 4 |
_aFrancia _xHistoria _yOcupación alemana, _vNovela _z |
|
| 700 | 1 |
_aPallarés, José Miguel, _etraductor |
|
| 910 | _aVMateo V. Control de calidad. BPMSU | ||
| 942 |
_2ddc _cBK |
||
| 999 |
_c10352 _d10352 |
||